Un instrumento nuevo en el análisis social: "Entre-rieles" etapas y desarrollo de una experiencia en video interdisciplinaria /

Furkejuvvon:
Bibliográfalaš dieđut
Váldodahkki: Lira, Raúl
Searvvušdahkki: CEPAL
Eará dahkkit: Piga, José Antonio Schlesinger, Alejandro
Materiálatiipa: Texto
Almmustuhtton: Santiago: CEPAL
Fáddágilkorat: Lasit fáddágilkoriid
Eai fáddágilkorat, Lasit vuosttaš fáddágilkora!

MARC

LEADER 00000 a a2200000 04500
001 24112
003
040
090 |a 171300  
100 |a Lira, Raúl  
110 |a CEPAL  
245 |a Un instrumento nuevo en el análisis social: "Entre-rieles" etapas y desarrollo de una experiencia en video interdisciplinaria /  |c Raúl Lira 
260 |a Santiago:   |b CEPAL  
300 |a 78 p.   |b il.  
700 |a Piga, José Antonio   |a Schlesinger, Alejandro  
999 |c 14363  |d 14363